000 00604nam a2200253Ia 4500
005 20260121161055.0
008 008 260114s9999 xx 000 0 eng d
020 _a9780203463086
037 _aEBOOK
040 _aCRL
040 _beng
040 _cCRL
041 _2eng
041 _aeng
084 _qCRL
100 _a David R. Phillips
_91039871
245 0 _aAgeing in the Asia-Pacific Region
260 _bTaylor and Francis
260 _c2000
856 _uhttp://www.taylorfrancis.com/books/9780203463086
942 _cEBOOK
999 _c1606687
_d1606687